LEADER 02119oam 2200469I 450 001 9910964748803321 005 20251116200938.0 010 $a1-000-22490-2 010 $a0-429-34365-5 010 $a1-000-22498-8 024 8 $a10.4324/9780429343650 035 $a(CKB)4100000011515802 035 $a(MiAaPQ)EBC6373382 035 $a(OCoLC)1229166101$z(OCoLC)1201179195$z(OCoLC)1202469425$z(OCoLC)1203953637$z(OCoLC)1231225760 035 $a(OCoLC-P)1229166101 035 $a(FlBoTFG)9780429343650 035 $a(EXLCZ)994100000011515802 100 $a20210108d2020 uy 0 101 0 $aeng 135 $aurcnu|||unuuu 181 $ctxt$2rdacontent 182 $cc$2rdamedia 183 $acr$2rdacarrier 200 10$aHuman thinking /$fS. Ian Robertson 205 $aFirst edition. 210 1$aLondon :$cRoutledge, Taylor & Francis Group,$d2020. 215 $a1 online resource (viii, 213 pages) 225 1 $aThe Basics 311 08$a0-367-36070-5 327 $aPart 1: Thinking: what is it and where does it come from?1. What is 'thinking'?2. Evolution of thinkingPart 2: Thinking as reasoning3. Problem-solving4. Rational thinkingPart 3: When thinking goes awry5. Biases, errors, and heuristics6. Society made me do it7. The confabulating mindPart 4: Motivated Cognition8. Mistaken beliefs about the world9. The truth, the whole truth, and nothing like the truth10. Magical thinking 330 8 $aAn introduction into how we develop thoughts, the types of reasoning we engage in, and how our thinking can be tailored by subconscious processing. Beginning with the fundamentals, it examines the mental processes that shape our thoughts, the trajectory of how thought evolved within the animal kingdom and the stages of development of thinking throughout childhood. 606 $aThought and thinking 615 0$aThought and thinking. 676 $a153.42 676 $a153.42 700 $aRobertson$b S. Ian$f1951-$01248950 801 0$bOCoLC-P 801 1$bOCoLC-P 906 $aBOOK 912 $a9910964748803321 996 $aHuman thinking$94497572 997 $aUNINA